000 00299nam a2200109Ia 4500
008 171211s9999 xx 000 0 und d
245 _aSexuality (Key Ideas) (2nd edition)
245 _cJeffrey Weeks
260 _c2003
650 _xSexuality
856 _uhttp://down.ebook777.com/065/0415282861.pdf
999 _c350616
_d350616